000 00677nam a22002177a 4500
003 UA-OsUOA
001 87110
007 ta
008 20120914b un ||||| |||| 00| 0 ukr d
090 _a821.161.1
_bР89
942 _cBK
040 _aUA-OsUOA
_brus
_cUA-OsUOA
_dUA-OsUOA
245 _aРусская народная поэзия
_bлирическая поэзия
_cред. А. Горелова
300 _a581 с.
955 _a3
041 _arus
080 _a821.161.1
260 _aЛенинград
_bХудожественная литература
_c1984
650 7 _a82 Література. Літературознавство
_2UDC
999 _c373397
_d373397